000
00296nam a2200121Ia 4500
008
230303s9999 xx 000 0 und d
041
_a
eng
082
_a
621.3893 GUL
100
_a
GULATI (R.R):
245
_a
Monochrome And Colour Television
260
_a
NEW DELHI
_b
NEW AGE PUB
365
_c
RS
999
_c
195208
_d
195208